Die teuersten Fußballtransfers - Rechter Verteidiger - 2012-2013 - Statistiken

Allgemein
  • Dieses Quiz wurde 15 mal gespielt
  • Das Durchschnittsergebnis liegt bei 3 aus 10
Antwortstatistiken
Ablöse (M €) Nationalität Abgebender Verein Aufnehmender Verein Spieler % Korrekt
8,80 Spanien Olympique Marseille FC Chelsea César Azpilicueta
69%
10,50 Brasilien / Russland Grêmio CSKA Moskau Mário Fernandes
62%
5,00 Spanien Real Madrid Castilla Bayer Leverkusen Daniel Carvajal
54%
13,90 Chile Udinese Calcio Juventus Turin Mauricio Isla
54%
6,00 Niederlande Ajax Amsterdam Paris SG Gregory van der Wiel
15%
6,20 Frankreich LOSC Lille Newcastle United Mathieu Debuchy
8%
4,00 Russland Loko Moskau Anzhi Andrey Eshchenko
0%
8,00 Italien Inter Mailand Udinese Calcio Davide Faraoni
0%
4,00 Russland Loko Moskau FK Krasnodar Vladislav Ignatjev
0%
5,40 Brasilien Fluminense FC Chelsea Wallace Oliveira
0%
Keine übereinstimmenden Quizze gefunden
Verteilung der Resultate
Anzahl Personen mit jedem Resultat
Perzentil nach korrekt beantworteten Fragen
Ihre Resultats-Entwicklung
Sie haben dieses Quiz noch nicht gespielt